<?xml version="1.0" encoding="UTF-8"?>
<record
    xmlns:xsi="http://www.w3.org/2001/XMLSchema-instance"
    xsi:schemaLocation="http://www.loc.gov/MARC21/slim http://www.loc.gov/standards/marcxml/schema/MARC21slim.xsd"
    xmlns="http://www.loc.gov/MARC21/slim">

  <leader>01630nam a2200205 a 4500</leader>
  <controlfield tag="005">20140310183356.0</controlfield>
  <controlfield tag="008">121025s19uu    xx            00    eng d</controlfield>
  <datafield tag="020" ind1=" " ind2=" ">
    <subfield code="a">9780521149723</subfield>
  </datafield>
  <datafield tag="050" ind1=" " ind2=" ">
    <subfield code="a">PR 2987 </subfield>
    <subfield code="b">.Sm75 2012</subfield>
  </datafield>
  <datafield tag="100" ind1=" " ind2=" ">
    <subfield code="a">Smith, Emma [Emma Josephine]</subfield>
  </datafield>
  <datafield tag="245" ind1=" " ind2=" ">
    <subfield code="a">The Cambridge Shakespeare guide /</subfield>
    <subfield code="c">Emma Smith.</subfield>
  </datafield>
  <datafield tag="260" ind1=" " ind2=" ">
    <subfield code="a">Cambridge ; New York :</subfield>
    <subfield code="b">Cambridge University Press,</subfield>
    <subfield code="c">2012.</subfield>
  </datafield>
  <datafield tag="300" ind1=" " ind2=" ">
    <subfield code="a">x, 247 p. :</subfield>
    <subfield code="b">ill. ;</subfield>
    <subfield code="c">23 cm.</subfield>
  </datafield>
  <datafield tag="500" ind1=" " ind2=" ">
    <subfield code="a">Includes bibliographical references and index</subfield>
  </datafield>
  <datafield tag="520" ind1=" " ind2=" ">
    <subfield code="a">"Are you studying Shakespeare and looking for a handy summary of plots, characters and interpretations? Or are you a keen theatregoer wanting essential background on the Shakespeare plays you see on stage? Ideal for students and theatre enthusiasts alike, this lively and authoritative guide presents key information, clearly set out, on all Shakespeare's dramatic and poetic works, covering plots and people, sources, context, performance history and major themes. Ordered alphabetically for easy reference, each play entry features a 'key facts' box providing informative and revealing statistics, including a breakdown of each play's major roles. The guide is illustrated with striking performance photographs throughout, and also provides brief accounts of Shakespeare's life and language, Shakespeare in print and theatre in Shakespeare's time. This is an indispensable reference source for all students and theatregoers"</subfield>
  </datafield>
  <datafield tag="600" ind1=" " ind2=" ">
    <subfield code="a">Shakespeare, William, 1564-1616</subfield>
    <subfield code="x">Handbooks, manuals, etc</subfield>
  </datafield>
  <datafield tag="650" ind1=" " ind2=" ">
    <subfield code="a">Shakespeare, William, 1564-1616</subfield>
    <subfield code="x">Stories, plots, etc</subfield>
  </datafield>
  <datafield tag="942" ind1=" " ind2=" ">
    <subfield code="c">BK</subfield>
    <subfield code="2">lcc</subfield>
    <subfield code="k">FOR</subfield>
  </datafield>
  <datafield tag="999" ind1=" " ind2=" ">
    <subfield code="c">22244</subfield>
    <subfield code="d">22244</subfield>
  </datafield>
  <datafield tag="952" ind1=" " ind2=" ">
    <subfield code="0">0</subfield>
    <subfield code="1">0</subfield>
    <subfield code="2">lcc</subfield>
    <subfield code="4">0</subfield>
    <subfield code="a">CL</subfield>
    <subfield code="b">CL</subfield>
    <subfield code="c">RES</subfield>
    <subfield code="d">2014-01-09</subfield>
    <subfield code="l">0</subfield>
    <subfield code="o">PR 2987  .Sm75 2012</subfield>
    <subfield code="p">C16058</subfield>
    <subfield code="r">2014-10-30 00:00:00</subfield>
    <subfield code="t">1</subfield>
    <subfield code="w">2014-01-09</subfield>
    <subfield code="y">BK</subfield>
  </datafield>
</record>
